Anagrammi - Città italiane - Statistics

Statistiche generali
  • Questo quiz è stato fatto 2.191 volte
  • Il punteggio medio è 11 su 15
Statistiche sulle risposte
Citta % Corretto
Bari
98%
Padova
94%
Pisa
94%
Roma
94%
Lecce
93%
Parma
92%
Rimini
92%
Venezia
91%
Firenze
90%
Genova
90%
Milano
90%
Monza
90%
Asti
89%
Bolzano
89%
Torino
89%
Ferrara
88%
Foggia
86%
Napoli
85%
Verona
84%
Bologna
83%
Forli
83%
Sassari
83%
Modena
82%
Prato
82%
Siena
81%
Livorno
80%
Brindisi
79%
Catania
79%
Udine
79%
Arezzo
78%
Ragusa
78%
Ancona
77%
Trieste
77%
Bergamo
76%
Vicenza
76%
Novara
75%
Perugia
73%
Siracusa
71%
Messina
70%
Ravenna
70%
Palermo
69%
Taranto
68%
Pescara
66%
Trento
66%
Cagliari
64%
Pistoia
63%
Latina
58%
Salerno
55%
Brescia
54%
Sanremo
42%
Riccione
39%
Treni
31%
Nessun quiz corrispondente trovato
Distribuzione punteggi
Percentuale di utenti per punteggio
Percentile per numero di risposta
I tuoi punteggi nel tempo
Non hai fatto questo quiz